000 00625nam a2200301Ia 4500
005 20260401122152.0
008 008 250103s9999 xx 000 0 eng d
020 _a8172019408
037 _aTB
040 _aEDL
040 _beng
040 _cEDL
041 _2eng
041 _aeng
084 _a891.2 MOD
084 _qEDL
100 _aModak, B.R.
_91232790
245 0 _aSayana
245 0 _cModak, B.R.
260 _aNew Delhi
260 _bSahitya Akademi
260 _c1995
300 _a73p
942 _cTB
942 _h891.2 MOD
999 _c1845388
_d1845388